00557 a2200217 4500260001000000630002500010037001300035650002800048100002100076260002500097245007700122300001100199650003600210650002500246260000900271300000900280100000700289037001200296037001300308020001800321 aParis a657 - Comptabilité b2, Achat a6 - SCIENCES APPLIQUEES aGonthier, Marcel bLes Editions Foucher aLa vie des sociétés : gestion et comptabilité : tome 2, corrigés a246 p. aComptabilité des sociétés aEntreprise : gestion c1993 b24cm lFr aDe 6807 aDe 6808  a2-216-00386-7